000 00907nas a2200277 4500
001 BR2011007864
003 BR-BrBNA
005 20231205115230.0
007 ta
008 230509b bl.|||p| |||| 00| 00por d
040 _aBR-BrBNA
_bpor
_cBiblioteca Nacional de Agricultura
041 _a(Pt)
072 _aP01
100 1 _aFeix, R.D.
100 1 _aMiranda, S.H.G. de
100 1 _aBarros, G.S. de C.
245 1 _aComércio internacional, agricultura e meio ambiente: teorias, evidências e controvérsias empíricas
650 _aCOMÉRCIO EXTERIOR
650 _aIMPACTO AMBIENTAL
650 _aMEIO AMBIENTE
650 _aDESENVOLVIMENTO SUSTENTÁVEL
650 _aPOLÍTICA AMBIENTAL
773 0 _tRevista de Economia e Sociologia Rural (Brazil)
_xISSN 0103-2003
_g(Jul-Sep 2010), v. 48(3) p. 605-634
_wBR2011007864
909 _a202311
_bLúcia
_c55
_dLúcia Elande
942 _2AGRIS
_n0
_cANA
999 _c212742
_d212742